| 000 | 00753nam a2200241 i 4500 | ||
|---|---|---|---|
| 001 | 000047996 | ||
| 003 | DO-SdBNP | ||
| 005 | 20240520150511.0 | ||
| 007 | ta | ||
| 008 | 181011s2003 dr 000 0 spa d | ||
| 040 |
_aDO-SdBNP _bspa _cDO-SdBNP _erda |
||
| 082 | 4 | _222 | |
| 100 | 1 |
_aSánchez Moscoso, Victoria, _975505 _eautora |
|
| 245 | 1 | 0 |
_aCartas a Niní / _cVictoria Sánchez Moscoso ; cuidado de edición, Vilma Benzo de Ferrer, Matilde Benzo Sánchez |
| 264 |
_aSanto Domingo : _bAmigo del Hogar, _c2003. |
||
| 300 |
_a277 páginas ; _c25 cm. |
||
| 336 |
_2rdacontent _atexto _btxt |
||
| 337 |
_2rdamedia _asin mediación _bn |
||
| 338 |
_2rdacarrier _avolumen _bnc |
||
| 590 | _aInventariado, 2018/VM | ||
| 942 |
_2ddc _cLBS1 |
||
| 956 | _aVMateo | ||
| 999 |
_c47484 _d47484 |
||